000 02111nam a2200289Ia 4500
999 _c55641
_d55641
001 22736
003 GE_BSU
005 20230504175138.0
008 181216s ||||ge |||||||||||||| ||geo||
020 _a9789941225864
040 _cGE_BSU
080 _a821.581.03=353.1 ლ-12
100 _aლაო მა.
_917977
245 _aკონკრეტული ადამიანი :
_bმოთხრობები /
_cლაო მა ; მთარგმნელები : გვანცა ანანიაშვილი, ბელა წიფურია, ხატია გაგნიძე ; დიზაინი ბექა ბარქაია.
264 _aთბილისი :
_bუნივერსალი,
_c2015.
300 _a212 გვ. ;
_c 20 სმ.
500 _aთავფურ. მე-2 გვ. ინგლისურ ენაზე
541 _h7ლ.
653 _aOne particular person. eng
653 _aკონკრეტული ადამიანი : მოთხრობები
653 _aლიტერატურა
653 _aხველა ; დრო ; ორიგინალობა ; კოლაფსი ; ნაცნობობა ; ავტოგრაფი ; ოქროს ხმა ; დიდი ხნის ოცნება ; ყალბი გამოცდა ; ადრე ამდგარი კურდღელი ; უნივერსიტეტის აპლიკაცია ; ინგლისური ენა ; მა ლა თანგი ; ინგლისური კუთხე ; დებატები ; ფილოსოფიის დოქტორის თეზისები ; საინტერესოა! და სხვ...
700 _aანანიაშვილი, გვანცა
_eმთარგმნელი
_917978
700 _aწიფურია, ბელა
_eმთარგმნელი
_92692
700 _aგაგნიძე, ხატია
_eმთარგმნელი
_917979
942 _cBK
_2udc